<?xml version="1.0" encoding="UTF-8"?>
<collection xmlns="http://www.loc.gov/MARC21/slim">
 <record>
  <leader>06005nam a22003737a 4500</leader>
  <controlfield tag="001">kal6132</controlfield>
  <controlfield tag="003">Gr-AtHEAL</controlfield>
  <controlfield tag="005">20160515180253.0</controlfield>
  <controlfield tag="008">160515b        gr ||||| |||| 00| 0 eng|c</controlfield>
  <datafield tag="020" ind1=" " ind2=" ">
   <subfield code="a">9789606035098</subfield>
  </datafield>
  <datafield tag="040" ind1=" " ind2=" ">
   <subfield code="a">GR-AtHEAL</subfield>
   <subfield code="b">gre</subfield>
   <subfield code="c">GR-AtHEAL</subfield>
  </datafield>
  <datafield tag="082" ind1="0" ind2="4">
   <subfield code="a">571.4</subfield>
   <subfield code="2">23</subfield>
  </datafield>
  <datafield tag="100" ind1="1" ind2=" ">
   <subfield code="a">Καλδούδη, Ελένη.</subfield>
   <subfield code="8">2921</subfield>
  </datafield>
  <datafield tag="245" ind1="1" ind2="2">
   <subfield code="a">Η φυσική της ζωής</subfield>
   <subfield code="h">[Ηλεκτρονικός πόρος] </subfield>
   <subfield code="c">Καλδούδη, Ελένη ;  Ελευθεριάδης, Χρήστος ;  Κριτικός αναγνώστης, Κουρκουμέλης, Νικόλαος ; .</subfield>
  </datafield>
  <datafield tag="260" ind1=" " ind2=" ">
   <subfield code="a">Αθήνα :</subfield>
   <subfield code="b">Σύνδεσμος Ελληνικών Ακαδημαϊκών Βιβλιοθηκών,</subfield>
   <subfield code="c">c2015.</subfield>
  </datafield>
  <datafield tag="490" ind1=" " ind2=" ">
   <subfield code="a">Ακαδημαϊκά Ηλεκτρονικά Συγγράμματα και Βοηθήματα Κάλλιπος</subfield>
   <subfield code="8">40</subfield>
  </datafield>
  <datafield tag="505" ind1=" " ind2=" ">
   <subfield code="a">1. Φυσική και Βιολογικές Επιστήμες 2. Εξέλιξη ιδεών στη φυσική 3. Στοιχειώδη σωμάτια και αλληλεπιδράσεις 4. O πυρήνας 5. Το άτομο 6. Το μόριο 7. Η μακροσκοπική Ύλη 8. Το φως: χαρακτηριστικά, παραγωγή, αλληλεπίδραση 9. Το φως ως κύμα 10. Το φως ως γεωμετρική ακτίνα 11. Φασματοσκοπία 12. Μέθοδοι ιατρικής και μοριακής απεικόνισης 13. Υδροδυναμικές και άλλες μέθοδοι μελέτης</subfield>
  </datafield>
  <datafield tag="520" ind1=" " ind2=" ">
   <subfield code="a">«Η Φυσική της Ζωής» αποτελεί μια ανασκόπηση της βασικής θεωρίας της Φυσικής με έμφαση στις αρχές της σύγχρονης φυσικής και τις εφαρμογές τους για την περιγραφή των ιδιοτήτων του μικρόκοσμου και της μακροσκοπικής ύλης στις ιατροβιολογικές επιστήμες. Η βασική θεωρία συμπληρώνεται με την παρουσίαση επιμέρους καινοτόμων μεθόδων μελέτης της έμβιας ύλης. Μαθησιακοί στόχοι:- Να δώσει μια συνοπτική και περιεκτική εισαγωγή και ανασκόπηση για τις γενικές και θεμελιώδεις έννοιες φυσικής, απαραίτητες για την κατανόηση των φαινομένων και μηχανισμών που εμπλέκονται στη Χημεία, τη Βιοχημεία, τη Μοριακή Βιολογία και την Ιατρική. - Να περιγράψει τις φυσικές αρχές των φυσικών φαινομένων στα οποία βασίζονται τα τεχνολογικά εργαλεία που χρησιμοποιούνται για τη μελέτη της έμβιας ύλης. - Να κάνει μια εισαγωγική αναφορά σε φιλοσοφικά θέματα που αγγίζουν τη φυσική και τη ζωή (φαινόμενα αυτό-οργάνωσης, πολυπλοκότητα, θερμοδυναμική της εξέλιξης, κ.α.)- Να δείξει την επιστημονική μέθοδο και να εισάγει σε έννοιες και ορθές πρακτικές διαχείρισης επιστημονικής γνώσης.Το βιβλίο αποτελείται από 20 διαφορετικά κεφάλαια που οργανώνονται σε 6 ενότητες: Ενότητα 1: Εισαγωγή: Κεφ. 1Ενότητα 2: Θεμελιώδης Οργάνωση της Φύσης: κεφ. 2, 3, Ενότητα 3: Οργάνωση της Ύλης: Κεφ. 4, 5, 6, 7Ενότητα 4: Το φως και η Ύλη: Κεφ. 8, 9, 10, 11Ενότητα 5: Μελέτη της Έμβιας Ύλης: Κεφ. 12, 13, 14, 15 Ενότητα 6: Συμπληρωματικές Γνώσεις: Κεφ. 16, 18, 19, 20Κάθε κεφάλαιο περιέχει βιβλιογραφικές πηγές και συνιστώμενα συγγράμματα για επιπλέον διάβασμα. Πέρα από τη λογική σειρά με την οποία παρουσιάζονται τα κεφάλαια, το βιβλίο δομείται με τη μορφή υπερκειμένου, με δείκτες/υπερσύνδεσμους ανάμεσα σε σχετικές έννοιες που παρουσιάζονται σε διαφορετικά κεφάλαια. Με αυτό τον τρόπο δημιοργούνται εναλλακτικά μαθησιακά μονοπάτια βασισμένα στις προσωπικές ανάγκες του κάθε αναγνώστη. Το βιβλίο απευθύνεται σε προπτυχιακούς και μεταπτυχιακούς (ειδικά η ενότητα 5 &amp; 6) φοιτητές επιστημών ζωής.</subfield>
  </datafield>
  <datafield tag="650" ind1=" " ind2="0">
   <subfield code="a">Biophysics</subfield>
   <subfield code="8">2950</subfield>
  </datafield>
  <datafield tag="653" ind1=" " ind2=" ">
   <subfield code="a">Φυσική</subfield>
  </datafield>
  <datafield tag="653" ind1=" " ind2=" ">
   <subfield code="a">Μικροσκοπία</subfield>
  </datafield>
  <datafield tag="653" ind1=" " ind2=" ">
   <subfield code="a">Ραδιενέργεια</subfield>
  </datafield>
  <datafield tag="653" ind1=" " ind2=" ">
   <subfield code="a">Σύγχρονη φυσική</subfield>
  </datafield>
  <datafield tag="653" ind1=" " ind2=" ">
   <subfield code="a">Μοριακή απεικόνιση</subfield>
  </datafield>
  <datafield tag="653" ind1=" " ind2=" ">
   <subfield code="a">Ιατρική φυσική</subfield>
  </datafield>
  <datafield tag="653" ind1=" " ind2=" ">
   <subfield code="a">Φασματοσκοπία</subfield>
  </datafield>
  <datafield tag="653" ind1=" " ind2=" ">
   <subfield code="a">Βιοφυσική</subfield>
  </datafield>
  <datafield tag="700" ind1=" " ind2=" ">
   <subfield code="a">Ελευθεριάδης, Χρήστος</subfield>
   <subfield code="e">Συγγραφέας</subfield>
   <subfield code="8">2922</subfield>
  </datafield>
  <datafield tag="700" ind1=" " ind2=" ">
   <subfield code="a">Κουρκουμέλης, Νικόλαος</subfield>
   <subfield code="e">Κριτικός αναγνώστης</subfield>
   <subfield code="8">2923</subfield>
  </datafield>
  <datafield tag="856" ind1=" " ind2=" ">
   <subfield code="u">http://hdl.handle.net/11419/6132</subfield>
   <subfield code="z">Πλήρες Κείμενο - Full text</subfield>
  </datafield>
  <datafield tag="907" ind1=" " ind2=" ">
   <subfield code="a">.b2568162x</subfield>
   <subfield code="b">25-06-18</subfield>
   <subfield code="c">29-07-16</subfield>
  </datafield>
  <datafield tag="949" ind1=" " ind2=" ">
   <subfield code="0">0</subfield>
   <subfield code="1">0</subfield>
   <subfield code="2">ddc</subfield>
   <subfield code="4">0</subfield>
   <subfield code="6">571_400000000000000_ΚΑΛ</subfield>
   <subfield code="7">0</subfield>
   <subfield code="8">KALL</subfield>
   <subfield code="8">925</subfield>
   <subfield code="d">2016-05-15</subfield>
   <subfield code="r">2016-05-15</subfield>
   <subfield code="w">2016-05-15</subfield>
   <subfield code="z">571.4 ΚΑΛ</subfield>
   <subfield code="o">SEAB KALLIPOS</subfield>
  </datafield>
  <datafield tag="998" ind1=" " ind2=" ">
   <subfield code="a">80</subfield>
   <subfield code="a">01</subfield>
   <subfield code="a">02</subfield>
   <subfield code="a">03</subfield>
   <subfield code="a">04</subfield>
   <subfield code="a">05</subfield>
   <subfield code="a">06</subfield>
   <subfield code="a">07</subfield>
   <subfield code="a">08</subfield>
   <subfield code="a">09</subfield>
   <subfield code="a">10</subfield>
   <subfield code="a">11</subfield>
   <subfield code="a">12</subfield>
   <subfield code="a">13</subfield>
   <subfield code="a">14</subfield>
   <subfield code="a">15</subfield>
   <subfield code="a">16</subfield>
   <subfield code="a">17</subfield>
   <subfield code="a">18</subfield>
   <subfield code="a">19</subfield>
   <subfield code="a">20</subfield>
   <subfield code="a">21</subfield>
   <subfield code="a">22</subfield>
   <subfield code="a">23</subfield>
   <subfield code="a">24</subfield>
   <subfield code="a">25</subfield>
   <subfield code="a">26</subfield>
   <subfield code="b">29-05-17</subfield>
   <subfield code="c">m</subfield>
   <subfield code="d">z  </subfield>
   <subfield code="e">-</subfield>
   <subfield code="f">gre</subfield>
   <subfield code="g">gr </subfield>
   <subfield code="h">2</subfield>
  </datafield>
  <datafield tag="942" ind1=" " ind2=" ">
   <subfield code="2">ddc</subfield>
   <subfield code="c">KALLIPOS</subfield>
  </datafield>
 </record>
</collection>
